[Event "Europe Echecs online op April"]
[Site "Europe Echecs INT"]
[Date "2020.04.11"]
[Round "6"]
[White "Martine, Jean Christophe"]
[Black "Pacheco, Marco"]
[Result "0-1"]
[WhiteElo "2119"]
[BlackElo "2353"]
[PlyCount "70"]
[EventDate "2020.04.11"]
[EventType "swiss (blitz)"]
[EventRounds "11"]
[EventCountry "FRA"]
[SourceTitle "EXT 2021"]
[Source "ChessBase"]
[SourceDate "2020.10.23"]
[SourceVersion "1"]
[SourceVersionDate "2020.10.23"]
[SourceQuality "1"]

1. d4 Nf6 2. Nd2 d5 3. Ngf3 Bf5 4. e3 c6 5. c4 e6 6. Qb3 Qb6 7. c5 Qc7 8. Nh4 Nbd7 9. Nxf5 exf5 10. Qc2 g6 11. Bd3 Bg7 12. 0-0 Ng4 13. Nf3 h5 14. b4 0-0 15. h3 Ngf6 16. a4 a6 17. Bb2 Rfe8 18. b5 f4 19. b6 Qb8 20. Ne5 fxe3 21. f4 Qd8 22. Rae1 Nf8 23. Rxe3 N6d7 24. f5 g5 25. f6 Bxf6 26. Qe2 h4 27. Qh5 Qe7 28. Ng4 Qxe3+ 29. Nxe3 Rxe3 30. Bf5 Rae8 31. Bc1 Re1 32. Bxg5 Bxd4+ 33. Kh2 Rxf1 34. Bf4 Bg1+ 35. Kh1 Be3+ 0-1

[Event "Europe Echecs online op April"]
[Site "Europe Echecs INT"]
[Date "2020.04.11"]
[Round "7"]
[White "Pacheco, Marco"]
[Black "Bauer, Christian"]
[Result "1-0"]
[WhiteElo "2353"]
[BlackElo "2631"]
[PlyCount "115"]
[EventDate "2020.04.11"]
[EventType "swiss (blitz)"]
[EventRounds "11"]
[EventCountry "FRA"]
[SourceTitle "EXT 2021"]
[Source "ChessBase"]
[SourceDate "2020.10.23"]
[SourceVersion "1"]
[SourceVersionDate "2020.10.23"]
[SourceQuality "1"]

1. d4 Nf6 2. Nf3 d6 3. c4 g6 4. Nc3 Bf5 5. Bg5 Bg7 6. e3 h6 7. Bh4 0-0 8. Bd3 Bg4 9. 0-0 c5 10. d5 Nbd7 11. Be2 a6 12. a4 Rb8 13. h3 Bxf3 14. Bxf3 Ne8 15. Be2 Nc7 16. Qc2 Qe8 17. e4 e5 18. a5 b6 19. axb6 Rxb6 20. b3 Nf6 21. Rfe1 Qb8 22. Ra3 Nh7 23. Na4 Rb7 24. Be7 Nxd5 25. Bxf8 Nb4 26. Qd2 Bxf8 27. Nc3 Nf6 28. Bd1 h5 29. h4 Kh7 30. g3 Bh6 31. Qe2 Qc8 32. Kg2 Re7 33. Nd5 Nfxd5 34. cxd5 f5 35. exf5 Qxf5 36. Qe4 Bd2 37. Re2 Qxe4+ 38. Rxe4 Nxd5 39. Re2 Bb4 40. Rxa6 Nc3 41. Re1 d5 42. g4 hxg4 43. Bxg4 e4 44. h5 gxh5 45. Rh1 Kg7 46. Rxh5 e3 47. Rg5+ Kf8 48. fxe3 Rxe3 49. Ra8+ Ke7 50. Ra7+ Kf6 51. Rf5+ Kg6 52. Ra6+ Kg7 53. Rg5+ Kf7 54. Bh5+ Kf8 55. Rf5+ Kg7 56. Rf7+ Kg8 57. Ra8+ Re8 58. Rxe8# 1-0

[Event "PER-ch"]
[Site "Lima"]
[Date "2016.02.14"]
[Round "9"]
[White "Pena Morales, Hugo"]
[Black "Pacheco, Marco"]
[Result "1/2-1/2"]
[WhiteElo "2197"]
[BlackElo "2377"]
[PlyCount "87"]
[EventDate "2016.02.10"]
[EventType "swiss"]
[EventRounds "9"]
[EventCountry "PER"]
[SourceTitle "CBM 171 Extra"]
[Source "ChessBase"]
[SourceDate "2016.04.26"]
[SourceVersion "1"]
[SourceVersionDate "2016.04.26"]
[SourceQuality "1"]

1. e4 e6 2. d4 d5 3. Nc3 Bb4 4. e5 Ne7 5. Bd2 b6 6. a4 Bxc3 7. Bxc3 Ba6 8. Bxa6 Nxa6 9. a5 c5 10. axb6 axb6 11. Ne2 0-0 12. 0-0 Nc7 13. Qd3 Qd7 14. Nf4 Qb5 15. Qd2 Qc6 16. Nh5 Rxa1 17. Rxa1 Ng6 18. Qg5 h6 19. Qg4 Nb5 20. h4 Nxc3 21. bxc3 cxd4 22. cxd4 Qxc2 23. Nxg7 Kxg7 24. h5 Qe4 25. Qxe4 dxe4 26. hxg6 Kxg6 27. Rb1 Rd8 28. Rb4 Kf5 29. Kf1 h5 30. g3 h4 31. gxh4 Kf4 32. Ke2 Rh8 33. Rxb6 Rxh4 34. Rb7 Rh7 35. Rc7 Rg7 36. Rb7 Rh7 37. Rb8 Rh2 38. Rb3 Rh1 39. Rb7 Rh7 40. Ra7 Rg7 41. Ra3 Rh7 42. Rg3 Rh2 43. Rb3 Rh7 44. Rb7 1/2-1/2

[Event "PER-ch"]
[Site "Lima"]
[Date "2016.02.13"]
[Round "8"]
[White "Pacheco, Marco"]
[Black "Cordova, Emilio"]
[Result "0-1"]
[WhiteElo "2377"]
[BlackElo "2610"]
[PlyCount "96"]
[EventDate "2016.02.10"]
[EventType "swiss"]
[EventRounds "9"]
[EventCountry "PER"]
[SourceTitle "CBM 171 Extra"]
[Source "ChessBase"]
[SourceDate "2016.04.26"]
[SourceVersion "1"]
[SourceVersionDate "2016.04.26"]
[SourceQuality "1"]

1. d4 Nf6 2. Nf3 e6 3. g3 b6 4. Bg2 Bb7 5. 0-0 c5 6. c4 cxd4 7. Qxd4 d6 8. Nc3 a6 9. b3 Nbd7 10. Ba3 Nc5 11. Nd2 Bxg2 12. Kxg2 Be7 13. b4 Nb7 14. Na4 b5 15. Nc3 bxc4 16. Nxc4 d5 17. Ne5 Bd6 18. Na4 Bxe5 19. Qxe5 Nd6 20. Qg5 h6 21. Qf4 Nc4 22. Bb2 Nxb2 23. Nxb2 0-0 24. Rfc1 Ne4 25. Nd3 Nd6 26. Ne5 f6 27. Ng6 Rf7 28. Rc6 e5 29. Qg4 Qd7 30. Qxd7 Rxd7 31. Ne7+ Rxe7 32. Rxd6 d4 33. Rc1 Rb7 34. a3 a5 35. b5 Rxb5 36. Rc7 Kh8 37. Rdd7 Rg8 38. Ra7 Kh7 39. g4 h5 40. h3 hxg4 41. hxg4 Kh6 42. Kf3 g6 43. a4 Rb3+ 44. e3 Kg5 45. Rxa5 dxe3 46. fxe3 Rh8 47. Rb5 Rh3+ 48. Kg2 Rhxe3 0-1

[Event "PER-ch"]
[Site "Lima"]
[Date "2016.02.10"]
[Round "2"]
[White "Pacheco, Marco"]
[Black "Altamirano, Rene"]
[Result "1-0"]
[WhiteElo "2377"]
[BlackElo "2028"]
[PlyCount "61"]
[EventDate "2016.02.10"]
[EventType "swiss"]
[EventRounds "9"]
[EventCountry "PER"]
[SourceTitle "CBM 171 Extra"]
[Source "ChessBase"]
[SourceDate "2016.04.26"]
[SourceVersion "1"]
[SourceVersionDate "2016.04.26"]
[SourceQuality "1"]

1. d4 Nf6 2. Nf3 g6 3. Bg5 Ne4 4. Bh4 Bg7 5. Nbd2 d5 6. e3 c5 7. c3 cxd4 8. exd4 Qb6 9. Qb3 Qxb3 10. axb3 Nxd2 11. Kxd2 Bh6+ 12. Kc2 f6 13. Ra5 Be6 14. Bb5+ Kf7 15. Rha1 a6 16. b4 Bf4 17. Bg3 Bxg3 18. hxg3 h5 19. Kd2 g5 20. Be2 g4 21. Ne1 Nc6 22. Rc5 Rhc8 23. b5 axb5 24. Rxa8 Rxa8 25. Rxb5 Ra7 26. Nd3 Ke8 27. Nf4 Bf7 28. Nxd5 Ra5 29. Rxa5 Nxa5 30. Bb5+ Kd8 31. Ne3 1-0

[Event "Arequipa GP Peru Sur"]
[Site "Arequipa"]
[Date "2013.06.28"]
[Round "4"]
[White "Pacheco, Marco"]
[Black "Iturry Quinonez, Gunther William"]
[Result "1-0"]
[WhiteElo "2380"]
[BlackElo "2231"]
[PlyCount "83"]
[EventDate "2013.06.27"]
[EventType "swiss"]
[EventRounds "8"]
[EventCountry "PER"]
[SourceTitle "EXT 2018"]
[Source "ChessBase"]
[SourceDate "2017.10.13"]
[SourceVersion "1"]
[SourceVersionDate "2017.10.13"]
[SourceQuality "1"]

1. d4 f5 2. Nf3 e6 3. g3 Nf6 4. Bg2 Be7 5. 0-0 0-0 6. c4 d5 7. b3 c6 8. Ba3 Bxa3 9. Nxa3 Nbd7 10. Qc2 Qe7 11. Qb2 Ne4 12. Rac1 a5 13. Nc2 Ndf6 14. c5 Qe8 15. Nce1 Qh5 16. Ne5 Ng5 17. N1d3 Nh3+ 18. Bxh3 Qxh3 19. f3 Qh6 20. Rcd1 g5 21. Qd2 Qg7 22. Nf2 Bd7 23. a3 h6 24. e4 Be8 25. exf5 exf5 26. Qd3 Qh7 27. Rde1 Kg7 28. Re2 Bg6 29. Rfe1 f4 30. Nxg6 Qxg6 31. gxf4 gxf4+ 32. Qxg6+ Kxg6 33. Nd3 Rfe8 34. Nxf4+ Kf5 35. Nd3 Rxe2 36. Rxe2 Re8 37. Rxe8 Nxe8 38. Kf2 Nc7 39. a4 Ne6 40. Ke3 h5 41. h4 Nf8 42. Nf4 1-0

[Event "American Continental 09th"]
[Site "Cochabamba"]
[Date "2013.05.10"]
[Round "5"]
[White "Hambleton, Aman"]
[Black "Pacheco, Marco"]
[Result "0-1"]
[WhiteElo "2468"]
[BlackElo "2384"]
[PlyCount "86"]
[EventDate "2013.05.07"]
[EventType "swiss"]
[EventRounds "11"]
[EventCountry "BOL"]
[SourceTitle "CBM 154 Extra"]
[Source "ChessBase"]
[SourceDate "2013.06.25"]
[SourceVersion "2"]
[SourceVersionDate "2013.06.25"]
[SourceQuality "1"]

1. d4 Nf6 2. c4 e6 3. Nc3 Bb4 4. Qc2 0-0 5. a3 Bxc3+ 6. Qxc3 d6 7. f3 Nbd7 8. e4 c5 9. dxc5 Nxc5 10. Be3 b6 11. Nh3 e5 12. Nf2 Be6 13. b4 Nb7 14. Rc1 Rc8 15. Qd3 Rc7 16. Nd1 Qe7 17. Nb2 Rfc8 18. Qb1 b5 19. cxb5 Rxc1+ 20. Bxc1 Nxe4 21. fxe4 Qh4+ 22. g3 Rxc1+ 23. Qxc1 Qxe4+ 24. Kf2 Qxh1 25. Qc6 Qxh2+ 26. Bg2 h5 27. Qxb7 g6 28. Nd3 h4 29. gxh4 Qxh4+ 30. Ke2 Bc4 31. Qb8+ Kh7 32. Qxa7 e4 33. Kd2 exd3 34. Qe3 Qf6 35. Bf3 Qb2+ 36. Ke1 Qxa3 37. b6 Qxb4+ 38. Kf2 Qb2+ 39. Kg3 d2 40. Qf4 Bd5 41. b7 Qxb7 42. Qh4+ Kg8 43. Qd8+ Kg7 0-1

[Event "Lima IPD 1st"]
[Site "Lima"]
[Date "2013.02.08"]
[Round "4"]
[White "Cori Tello, Deysi Estella"]
[Black "Pacheco, Marco"]
[Result "1/2-1/2"]
[WhiteElo "2423"]
[BlackElo "2381"]
[PlyCount "77"]
[EventDate "2013.02.06"]
[EventType "tourn"]
[EventRounds "9"]
[EventCountry "PER"]
[EventCategory "8"]
[SourceTitle "CBM 152 Extra"]
[Source "ChessBase"]
[SourceDate "2013.02.25"]
[SourceVersion "1"]
[SourceVersionDate "2013.02.25"]
[SourceQuality "1"]

1. d4 d5 2. c4 c6 3. Nc3 Nf6 4. Nf3 dxc4 5. a4 Bf5 6. e3 e6 7. Bxc4 Bb4 8. 0-0 0-0 9. Qe2 Bg6 10. Rd1 Nbd7 11. Bd3 Bh5 12. h3 Re8 13. g4 Bg6 14. e4 a6 15. Kg2 Rc8 16. Ne5 Nxe5 17. dxe5 Nd7 18. f4 h6 19. Be3 a5 20. Qf2 Bh7 21. Ne2 Qe7 22. Bc2 Nc5 23. Rd4 b6 24. Rad1 Red8 25. f5 Rxd4 26. Bxd4 Qe8 27. Nf4 Rd8 28. Qh4 Rd7 29. Nh5 Qd8 30. Qxd8+ Rxd8 31. Nf4 Nxe4 32. Bxe4 c5 33. Ne2 exf5 34. gxf5 cxd4 35. Rxd4 Re8 36. Rd5 Kf8 37. Kf3 Ke7 38. Nd4 Bc5 39. Nb5 1/2-1/2

[Event "Lima IPD 1st"]
[Site "Lima"]
[Date "2013.02.08"]
[Round "7"]
[White "Vasquez Schroder, Rodrigo Rafael"]
[Black "Pacheco, Marco"]
[Result "1-0"]
[WhiteElo "2543"]
[BlackElo "2381"]
[PlyCount "75"]
[EventDate "2013.02.06"]
[EventType "tourn"]
[EventRounds "9"]
[EventCountry "PER"]
[EventCategory "8"]
[SourceTitle "CBM 152 Extra"]
[Source "ChessBase"]
[SourceDate "2013.02.25"]
[SourceVersion "1"]
[SourceVersionDate "2013.02.25"]
[SourceQuality "1"]

1. d4 Nf6 2. c4 e6 3. Nf3 Bb4+ 4. Bd2 Qe7 5. g3 Nc6 6. Nc3 0-0 7. Bg2 Na5 8. b3 b6 9. 0-0 Bb7 10. Qc2 h6 11. Rfe1 Bxc3 12. Bxc3 Be4 13. Qb2 Nb7 14. Bf1 Bxf3 15. exf3 d5 16. Rac1 c6 17. Bd3 Rfd8 18. c5 b5 19. a4 a6 20. Ra1 Ne8 21. axb5 axb5 22. f4 Qd7 23. Qe2 Nf6 24. f3 Re8 25. Qe5 Rxa1 26. Rxa1 Qc8 27. Qe2 Nd7 28. b4 Nf8 29. Ra7 Re7 30. Qa2 f5 31. Qa6 Rc7 32. Bd2 Qd7 33. Bxb5 cxb5 34. Rxb7 Qc8 35. Ra7 Qxa6 36. Rxa6 Rb7 37. g4 Kf7 38. Rd6 1-0

[Event "Lima IPD 1st"]
[Site "Lima"]
[Date "2013.02.06"]
[Round "2"]
[White "Vera Siguenas, Deivy Anthoni"]
[Black "Pacheco, Marco"]
[Result "1/2-1/2"]
[WhiteElo "2418"]
[BlackElo "2381"]
[PlyCount "70"]
[EventDate "2013.02.06"]
[EventType "tourn"]
[EventRounds "9"]
[EventCountry "PER"]
[EventCategory "8"]
[SourceTitle "CBM 152 Extra"]
[Source "ChessBase"]
[SourceDate "2013.02.25"]
[SourceVersion "1"]
[SourceVersionDate "2013.02.25"]
[SourceQuality "1"]

1. e4 e5 2. Nf3 Nf6 3. Nxe5 d6 4. Nf3 Nxe4 5. d4 d5 6. Bd3 Be7 7. 0-0 Nc6 8. c4 Nf6 9. cxd5 Nxd5 10. Nc3 0-0 11. h3 Be6 12. Ne4 h6 13. a3 Nf6 14. Nc3 Re8 15. Bc2 Bf8 16. Re1 Ne7 17. Bf4 Ned5 18. Be5 c6 19. Qd3 g6 20. Nh4 Bg7 21. f4 Ne7 22. Qf3 Qd7 23. g4 Bd5 24. Nxd5 Nexd5 25. Rad1 Qd8 26. Ng2 Qb6 27. Bb3 Rad8 28. Kh1 a5 29. a4 Qb4 30. f5 g5 31. Bxd5 Rxd5 32. b3 Rdd8 33. h4 c5 34. hxg5 hxg5 35. Ne3 Qxb3 1/2-1/2

[Event "Lima IPD Cup"]
[Site "Lima"]
[Date "2013.01.24"]
[Round "5"]
[White "Pacheco, Marco"]
[Black "Martinez Alcantara, Jose Eduardo"]
[Result "1-0"]
[WhiteElo "2407"]
[BlackElo "2226"]
[PlyCount "105"]
[EventDate "2013.01.22"]
[EventType "swiss"]
[EventRounds "9"]
[EventCountry "PER"]
[SourceTitle "CBM 152 Extra"]
[Source "ChessBase"]
[SourceDate "2013.02.25"]
[SourceVersion "1"]
[SourceVersionDate "2013.02.25"]
[SourceQuality "1"]

1. d4 Nf6 2. c4 c5 3. d5 b5 4. cxb5 a6 5. bxa6 g6 6. Nc3 Bxa6 7. e4 Bxf1 8. Kxf1 d6 9. g3 Bg7 10. Kg2 0-0 11. Nf3 Nbd7 12. Re1 Ng4 13. Bf4 Qa5 14. Rc1 Rfb8 15. Re2 Qb4 16. Rcc2 Nge5 17. Bxe5 Bxe5 18. Qd2 Bxc3 19. bxc3 Qc4 20. e5 Nb6 21. Re3 Nxd5 22. Rd3 e6 23. exd6 Rd8 24. Kg1 Rxd6 25. Ne5 Qe4 26. Qe2 Qxe2 27. Rxe2 Rda6 28. c4 Nb4 29. Rd7 R6a7 30. Red2 f6 31. Ng4 Rxd7 32. Rxd7 Rf8 33. a4 f5 34. Nh6+ Kh8 35. Nf7+ Kg8 36. Ng5 Ra8 37. Nxe6 Rxa4 38. Rg7+ Kh8 39. Rc7 h6 40. Nxc5 Ra1+ 41. Kg2 Rc1 42. Nd7 Kg8 43. Ne5 Rc2 44. Rb7 Na6 45. Rb6 Nc5 46. Rxg6+ Kf8 47. Rf6+ Ke7 48. Rxf5 Ke6 49. g4 Ne4 50. h3 Nd6 51. Rh5 Ne4 52. Nd3 Rd2 53. Re5+ 1-0

[Event "Antofagasta 1st"]
[Site "Antofagasta"]
[Date "2012.11.03"]
[Round "8"]
[White "Pacheco, Marco"]
[Black "Avalos Parra, Joao"]
[Result "1-0"]
[WhiteElo "2377"]
[BlackElo "2174"]
[PlyCount "109"]
[EventDate "2012.10.31"]
[EventType "tourn"]
[EventRounds "9"]
[EventCountry "CHI"]
[EventCategory "6"]
[SourceTitle "EXT 2014"]
[Source "ChessBase"]
[SourceDate "2013.11.20"]
[SourceVersion "1"]
[SourceVersionDate "2013.11.20"]
[SourceQuality "1"]

1. d4 d5 2. c4 c6 3. cxd5 cxd5 4. Nf3 Nf6 5. Nc3 a6 6. Bf4 Nc6 7. Rc1 Nh5 8. Be5 f6 9. Bg3 e6 10. e3 g6 11. Bd3 Bg7 12. e4 Nxg3 13. hxg3 dxe4 14. Bxe4 Ne7 15. 0-0 0-0 16. Qb3 f5 17. Bc2 Qd6 18. Rfe1 Nd5 19. Ne5 b5 20. Nxd5 exd5 21. f4 Bb7 22. Bd1 g5 23. Qe3 Rac8 24. Rxc8 Rxc8 25. Bb3 a5 26. Rc1 Rxc1+ 27. Qxc1 a4 28. Bd1 Qb4 29. Qc3 Qxc3 30. bxc3 Ba6 31. Kf2 Bf8 32. Bf3 Bb7 33. fxg5 Ba3 34. Ke2 Bb2 35. Kd3 Kg7 36. Kc2 Ba3 37. Be2 b4 38. Bb5 bxc3 39. Kxc3 Bc1 40. Bxa4 Bxg5 41. Bc6 Bxc6 42. Nxc6 Kf7 43. Kd3 Ke6 44. a4 Kd6 45. Ne5 Kc7 46. Nf3 Bf6 47. Ne5 Kb7 48. Ke3 Ka6 49. Nd3 Ka5 50. Nf4 Kxa4 51. Nxd5 Bg5+ 52. Kd3 h5 53. Nf4 h4 54. Ne6 Be7 55. Ng7 1-0

[Event "Antofagasta 1st"]
[Site "Antofagasta"]
[Date "2012.11.01"]
[Round "4"]
[White "Pacheco, Marco"]
[Black "Garcia Cardenas, Pablo"]
[Result "1/2-1/2"]
[WhiteElo "2377"]
[BlackElo "2376"]
[PlyCount "89"]
[EventDate "2012.10.31"]
[EventType "tourn"]
[EventRounds "9"]
[EventCountry "CHI"]
[EventCategory "6"]
[SourceTitle "EXT 2014"]
[Source "ChessBase"]
[SourceDate "2013.11.20"]
[SourceVersion "1"]
[SourceVersionDate "2013.11.20"]
[SourceQuality "1"]

1. d4 Nf6 2. c4 e6 3. g3 d5 4. Bg2 dxc4 5. Qa4+ Bd7 6. Qxc4 Bc6 7. Nf3 Bd5 8. Qa4+ Qd7 9. Qxd7+ Nbxd7 10. 0-0 c5 11. Nc3 Bc6 12. dxc5 Bxc5 13. Bf4 0-0 14. Rac1 Rfd8 15. h3 Rac8 16. Rfd1 Bb6 17. Ne5 Bxg2 18. Kxg2 Nf8 19. Rxd8 Rxd8 20. Na4 Bd4 21. Nf3 b5 22. Rd1 Bb6 23. Rxd8 Bxd8 24. Nc3 a6 25. Ne5 Bc7 26. Nc6 Bxf4 27. gxf4 N8d7 28. Kf3 Ne8 29. Ne4 Nc7 30. Nd6 f6 31. Ke4 g6 32. Kd4 Kg7 33. Ne4 h5 34. h4 Kf7 35. e3 Nb6 36. b3 Nd7 37. Kc3 e5 38. fxe5 fxe5 39. Ng5+ Kf6 40. f3 Nd5+ 41. Kd2 Ne7 42. Ne4+ Ke6 43. Nd8+ Kd5 44. Ng3 Kd6 45. Nf7+ 1/2-1/2

[Event "Huaraz IRT 1st"]
[Site "Huaraz"]
[Date "2012.08.18"]
[Round "5.1"]
[White "Pacheco, Marco"]
[Black "Principe, Alexander"]
[Result "1-0"]
[WhiteElo "2383"]
[BlackElo "2228"]
[PlyCount "81"]
[EventDate "2012.08.16"]
[EventType "swiss"]
[EventRounds "7"]
[EventCountry "PER"]
[SourceTitle "EXT 2024"]
[Source "ChessBase"]
[SourceDate "2023.10.10"]
[SourceVersion "1"]
[SourceVersionDate "2023.10.10"]
[SourceQuality "1"]

1. Nf3 Nf6 2. d4 g6 3. Bg5 Bg7 4. Nbd2 d5 5. e3 0-0 6. Be2 c5 7. c3 Qb6 8. Qb3 Nc6 9. 0-0 Be6 10. dxc5 Qxc5 11. Nd4 Bc8 12. Rfd1 e5 13. Qb5 Qd6 14. N4b3 a6 15. Qc5 Qxc5 16. Nxc5 b6 17. Na4 Rb8 18. Rac1 h6 19. Bh4 Re8 20. f3 Ne7 21. e4 Bd7 22. b3 Bxa4 23. bxa4 dxe4 24. Nxe4 Nxe4 25. fxe4 g5 26. Bf2 f5 27. Rd7 b5 28. axb5 axb5 29. Bh5 fxe4 30. Bxe8 Rxe8 31. Re1 Bf6 32. Rxe4 Rc8 33. Rd3 Kf7 34. Rb4 Ra8 35. Rd2 Rc8 36. Rc2 Nd5 37. Rxb5 Nxc3 38. Be1 e4 39. Bxc3 Bxc3 40. Kf1 Ke6 41. Ke2 1-0

[Event "Huaraz IRT 1st"]
[Site "Huaraz"]
[Date "2012.08.17"]
[Round "3.1"]
[White "Pacheco, Marco"]
[Black "Orbezo Rosales, Ximena Lucia"]
[Result "1-0"]
[WhiteElo "2383"]
[BlackElo "1761"]
[PlyCount "55"]
[EventDate "2012.08.16"]
[EventType "swiss"]
[EventRounds "7"]
[EventCountry "PER"]
[SourceTitle "EXT 2024"]
[Source "ChessBase"]
[SourceDate "2023.10.10"]
[SourceVersion "1"]
[SourceVersionDate "2023.10.10"]
[SourceQuality "1"]

1. d4 Nf6 2. c4 c5 3. d5 b5 4. cxb5 a6 5. bxa6 Bxa6 6. Nc3 d6 7. e4 Bxf1 8. Kxf1 g6 9. g3 Bg7 10. Kg2 0-0 11. Nf3 Nbd7 12. Re1 Ra5 13. Re2 Ng4 14. Bf4 Qa8 15. Qd2 Rb8 16. Rc1 Nge5 17. Bxe5 Nxe5 18. Nxe5 Bxe5 19. b3 Qa6 20. Nd1 Ra8 21. Rc2 Bd4 22. h4 Kg7 23. Ne3 e6 24. h5 Re8 25. Nc4 Rb5 26. Qf4 Re7 27. Nxd6 Rb6 28. e5 1-0